00574nam a2200193 4500003000400000005001700004008004100021040001800062050001500080100002300095245007600118264004900194300001700243336002200260337002400282338002400306650002400330700002600354OSt20260601193844.0260421b1964 xxua|||| |||| 00| 0 eng d aICIbspacICI aTA153bA38 1aAlger, John R. M., 1aCreative synthesis in design / b By John r. m. alger and carl v. hays. b Prentice Hall, c c1964aEnglewood cliffs : a92 páginas atexto2rdacontent asin medio2rdamedia avolumen2rdacarrier 4aDiseño industrial aHays, Carl V.,eautor